|
|
|
|
| LEADER |
00000nab a2200000 ar4500 |
| 001 |
vtls009354459 |
| 003 |
SK-MaSNL |
| 005 |
20260304170214.0 |
| 008 |
171109c2008 xo wr|p|||||||000 b|slo |
| 038 |
|
|
|a PPPK
|
| 040 |
|
|
|a PPPKCL
|b slo
|c PPPKCL
|e AACR2
|
| 041 |
0 |
|
|a slo
|
| 044 |
|
|
|a xo
|c SK
|
| 080 |
|
|
|a 373.3
|2 2001
|
| 080 |
|
|
|a 376.1
|2 2001
|
| 080 |
|
|
|a 373.24
|2 2001
|
| 100 |
1 |
|
|a Rodziňáková, A.
|4 aut
|9 1497317
|
| 245 |
1 |
0 |
|a Začiatok školského roka v novej budove
|c Mgr. A. Rodziňáková
|
| 610 |
2 |
7 |
|a Základná škola s materskou školou, 29. augusta (Poprad, Slovensko)
|2 pppkcl
|9 1259351
|
| 610 |
2 |
7 |
|a Tatranská alternatívna škola na Ul. 29. augusta (Poprad, Slovensko)
|2 pppkcl
|9 1497318
|
| 610 |
2 |
7 |
|a Základná škola, Letná (Poprad, Slovensko)
|2 pppkcl
|9 220984
|
| 648 |
|
7 |
|a 2008
|2 pppkcl
|9 317238
|
| 650 |
0 |
7 |
|a školstvo
|2 snkbucl
|9 19712
|
| 650 |
0 |
7 |
|a základné školy
|2 pppkcl
|9 1280
|
| 650 |
0 |
7 |
|a materské školy
|2 pppkcl
|9 1278
|
| 650 |
0 |
7 |
|a presťahovanie
|2 pppkcl
|9 632842
|
| 651 |
|
7 |
|a Poprad (Slovensko)
|2 pppkcl
|9 20155
|
| 773 |
0 |
|
|t Podtatranské noviny
|g Roč. IL, č. 41 (2008), s. 13
|
| 852 |
|
|
|a PPPK
|b KIS3GCP
|
| 999 |
|
|
|c 2987585
|d 2989515
|